|
|
|
|
| LEADER |
00889nam a2200193Ia 4500 |
| 001 |
CTU_164685 |
| 008 |
210402s9999 xx 000 0 und d |
| 082 |
|
|
|a 579.8
|
| 082 |
|
|
|b T502
|
| 100 |
|
|
|a Hứa, Thanh Tuấn
|
| 245 |
|
0 |
|a Nghiên cứu đặc điểm phiêu sinh thực vật trong ao nuôi cá tai tượng ở Mỹ Phụng - Phong Điền - Thành phố Cần Thơ :
|
| 245 |
|
0 |
|b Luận văn tốt nghiệp đại học chuyên ngành Khoa học Môi trường
|
| 245 |
|
0 |
|c Hứa Thanh Tuấn ; Trần Chấn Bắc (cán bộ hướng dẫn)
|
| 260 |
|
|
|a Cần Thơ
|
| 260 |
|
|
|b Trường Đại học Cần Thơ
|
| 260 |
|
|
|c 2009
|
| 650 |
|
|
|a Phytoplankton,Fish ponds,Thực vật phù du,Ao nuôi cá
|
| 904 |
|
|
|i Bạch Trúc
|
| 980 |
|
|
|a Trung tâm Học liệu Trường Đại học Cần Thơ
|